000
00273nmm a2200097Ia 4500
008
220120s9999||||xx |||||||||||||||||und||
020
_a
0-07-044540-0
100
_a
Borgnakke, Clause
_9
11254
245
0
_a
Tables of thermodynamics and transport properties
260
_b
New Delhi
999
_c
139688
_d
139688